000 00716nam a22002172 4500
001 0000024256
005 20151217155914.0
008 130621s xx 000 0 eng d
020 _a9966940170 :
040 _aKABU
_cKABU
100 1 _aKamau, Mbothu.
_@0000184250
245 1 0 _aFrancis M. Ng'ang'a :
_bbattles and triumphs ; a portrait of a modern trade unionist /
_cMbothu Kamau.
250 _a1st ed.
260 _aNairobi :
_bTranaafrica Press,
_c2009.
300 _a292 p.
600 1 0 _aNg'ang'a, Francis M.
_@0000184251
610 2 0 _aKenya National Union of Teachers
_xHistory.
_@0000184252
852 1 _9p1000 KES
908 _a130621
950 _@1
999 _c13891
_d13891